• 首页
  • 本馆介绍
  • 公告通知
  • 最新文献
  • 馆藏检索
  • 电子资源
  • 读者导购
  • 参考咨询
  • 我的图书馆
  • 登录
  • 详细信息显示
  • 放入我的书架
  • 预约/预借图书
  • 作者相关作品
  • 分类相关作品
  • 丛书相关作品
  • 出版社相关作品

书目信息

  • 表格格式
  • 工作单格式
  • 卡片格式
题名:
Nikon D700尼康数码单反摄影手册
    
 
作者: 托马斯 著 ;张明 译
分册:  
出版信息: 北京   人民邮电出版社  2009
页数: 256页
开本: 21cm
丛书名:
单 册:
中图分类: TB852.1
科图分类:
主题词: 数字照相机--摄影技术--手册 , 数字照相机--图象处理--手册
电子资源:
ISBN: 978-7-115-21319-8
000 00781nam0 2200229 45
005 20100303150338.54
010    @a978-7-115-21319-8@dCNY45.00
100    @a20091125d2009 em y0chiy0110 ea
101 1  @achi@ceng
102    @aCN@b110000
105    @aa z 000yy
106    @ar
200 1  @aNikon D700尼康数码单反摄影手册@ANikon D700 Ni Kang Shu Ma Dan Fan She Ying Shou Ce@f(美)J·Dennis Thomas著@F( Mei )J·Dennis Thomas Zhu@g张明译
210    @a北京@c人民邮电出版社@d2009
215    @a256页@c彩图@d21cm
606 0  @a数字照相机@x摄影技术@j手册
606 0  @a数字照相机@x图象处理@j手册
690    @aTB852.1@v4
701  1 @a托马斯@ATuo Ma Si@g(Thomas,J·Dennis)@4著
702  0 @a张明@AZhang Ming@4译
801  0 @aCN@bTANGWEI@c20100303
905    @b0583896-900@dTB852.1@e143@f5
    
    Nikon D700尼康数码单反摄影手册/(美)J·Dennis Thomas著/张明译.-北京:人民邮电出版社,2009
    256页:彩图;21cm
    
    
    ISBN 978-7-115-21319-8:CNY45.00
    
●
相关链接 在E读中查询图书 在五车中查询图书 在当当中查询图书 在豆瓣中查询图书


正题名:Nikon D700尼康数码单反摄影手册     索取号:TB852.1/143         预约/预借

序号 登录号 条形码 馆藏地/架位号 状态 备注
1 0583896   205838968   第二样本阅览室/ [索取号:TB852.1/143] 在馆    
2 0583897   205838977   第三借阅区/ [索取号:TB852.1/143] 在馆    
3 0583898   205838986   物理系资料室/ [索取号:TB852.1/143] 在馆    
4 0583899   205838995   第三借阅区/ [索取号:TB852.1/143] 在馆    
5 0583900   205839002   第三借阅区/ [索取号:TB852.1/143] 在馆    
唐山师范学院图书馆 欢迎您!
大连网信软件有限公司© 版权所有